000
00275nam a22001217a 4500
008
181025b xxu||||| |||| 00| 0 eng d
041
_a
eng
080
_a
370
100
_a
47
101
_a
EDU
245
_a
Everyones An Autors With Readings
_c
Moss.B.J
942
_2
udc
_c
BK
999
_c
50884
_d
50884